000 00608nam a2200205Ia 4500
005 20250508165920.0
008 008 250505s9999 xx 000 0 eng d
020 _a0-521-39769-3
037 _aTextual
040 _aFEDL
_beng
_cFEDL
041 _aeng
_2eng
084 _a371.2, FOR
_qFEDL
100 _aFord Donald
245 0 _aDeprived child and the community
260 _aLondon, UK
_bConstable Publishers
_c1955
300 _axii, 226p.
546 _aGifted by H.O.D. Namita Ranganathan in memory of Prof. Arvind Gaysu
942 _cTEXL
_h371.2, FOR
999 _c1398167
_d1398167